Pour lire l'ancien français (notice n° 2140388)
[ vue normale ]
| 000 -LEADER | |
|---|---|
| fixed length control field | 01081cam a2200145 4500500 |
| 005 - DATE AND TIME OF LATEST TRANSACTION | |
| control field | 20260405024650.0 |
| 041 ## - LANGUAGE CODE | |
| Language code of text/sound track or separate title | fre |
| 042 ## - AUTHENTICATION CODE | |
| Authentication code | dc |
| 100 10 - MAIN ENTRY--PERSONAL NAME | |
| Personal name | Thomasset, Claude |
| Relator term | author |
| 245 00 - TITLE STATEMENT | |
| Title | Pour lire l'ancien français |
| 260 ## - PUBLICATION, DISTRIBUTION, ETC. | |
| Name of publisher, distributor, etc. | Armand Colin,<br/> |
| Date of publication, distribution, etc. | 2012.<br/> |
| 520 ## - SUMMARY, ETC. | |
| Summary, etc. | À la fois grammaire et incitation à la lecture des textes en ancien français, cet ouvrage rend compte des principales constructions, des tournures particulières à l’ancienne langue et des mots grammaticaux essentiels. La variété et le nombre des exemples retenus constituent une approche sérieuse et vivante d’une langue alors en pleine évolution. Assurer la maîtrise d’un savoir simple, sûr et efficace, tel est le propos de ce livre. Inviter à la découverte de l’histoire de la langue française au Moyen Âge, telle est sa vocation profonde. Cette nouvelle édition propose de ce texte une version revue et corrigée. |
| 700 10 - ADDED ENTRY--PERSONAL NAME | |
| Personal name | Ueltschi, Karin |
| Relator term | author |
| 856 41 - ELECTRONIC LOCATION AND ACCESS | |
| Uniform Resource Identifier | <a href="https://shs.cairn.info/pour-lire-l-ancien-francais--9782200278649?lang=fr&redirect-ssocas=7080">https://shs.cairn.info/pour-lire-l-ancien-francais--9782200278649?lang=fr&redirect-ssocas=7080</a> |
Pas d'exemplaire disponible.




Réseaux sociaux